Ładuje się......
Kerala pazhama
| 1. autor: | |
|---|---|
| Format: | Printed Book |
| Język: | English |
| Wydane: |
Thiruvanathapuram:
ISDL,
2003.
|
| LEADER | 00506nam a22001217a 4500 | ||
|---|---|---|---|
| 008 | 150424b xxu||||| |||| 00| 0 eng d | ||
| 100 | |a Gundert | ||
| 245 | |a Kerala pazhama |c /Gundert | ||
| 260 | |a Thiruvanathapuram: |b ISDL, |c 2003. | ||
| 300 | |b 87p. | ||
| 942 | |c BK | ||
| 999 | |c 232832 |d 232832 | ||
| 952 | |0 0 |1 0 |4 0 |6 E_954_830000000000000_GUN_K |7 0 |9 258006 |a MAL |b MAL |c ST1 |d 2015-04-24 |e The Bookshop,Publication Division,University of Calicut.Bill No:4255 Date:17/03/2015 |g 150.00 |l 0 |o E 954.83 GUN/K |p MAL35333 |r 2015-04-24 |w 2018-08-20 |y BK | ||